All Brazil Goalscorers in FIFA World Cup - Statistics

General Stats
  • This quiz has been taken 42 times
  • The average score is 39 of 85
Answer Stats
Year Goals Player % Correct
2014, 2018, 2022 8 Neymar
100%
1958, 1962, 1966, 1970 12 Pelé
97%
1998, 2002, 2006 15 Ronaldo
97%
2002 2 Ronaldinho
86%
2006 1 Kaká
83%
2022 3 Richarlison
83%
2014 2 David Luiz
81%
1962, 1966 5 Garrincha
81%
1994 5 Romário
81%
1982, 1986 4 Sócrates
81%
1998, 2002 8 Rivaldo
78%
2022 1 Vinícius Júnior
75%
1978, 1982 5 Zico
75%
1994, 1998 6 Bebeto
72%
2006 2 Adriano
69%
2002 1 Roberto Carlos
69%
2014, 2018 2 Thiago Silva
69%
2006, 2014 2 Fred
67%
1982 1 Oscar
67%
2014 2 Oscar
67%
1970, 1974 9 Jairzinho
64%
1970 1 Carlos Alberto
61%
1950 2 Jair
61%
2018 2 Philippe Coutinho
61%
1970, 1974 6 Rivellino
61%
2018 1 Roberto Firmino
61%
1982 1 Júnior
58%
2002 1 Júnior
58%
2010 2 Robinho
58%
2022 1 Casemiro
56%
2010 3 Luís Fabiano
56%
2010 1 Maicon
56%
1958, 1962 9 Vavá
56%
1954 1 Djalma Santos
53%
2006 1 Juninho
53%
2006 1 Zé Roberto
53%
1954, 1958 3 Didi
50%
2002 1 Edmílson
50%
1982 3 Falcão
50%
2022 1 Lucas Paquetá
50%
1994 1 Márcio Santos
50%
1990 2 Müller
50%
1958 1 Nílton Santos
50%
2018 1 Paulinho
50%
1966, 1970 3 Tostão
50%
2014 1 Fernandinho
47%
1938 1 Roberto
47%
1986, 1990 7 Careca
44%
1950 9 Ademir
42%
1934, 1938 8 Leônidas
42%
1958, 1962 2 Mário Zagallo
42%
1970 1 Gérson
39%
2018 1 Renato Augusto
39%
1962 3 Amarildo
36%
1994 1 Branco
36%
2010 1 Juan
36%
1978 3 Roberto Dinamite
36%
1998 3 César Sampaio
33%
1982 2 Éder
33%
1994 1 Raí
33%
2010 2 Elano
31%
1982 2 Serginho
31%
1950 2 Zizinho
31%
1970 1 Clodoaldo
28%
1962 1 Zito
28%
2006 1 Gilberto
22%
1930 3 Preguinho
22%
1978 3 Dirceu
19%
1950 1 Friaça
19%
1958 2 José Altafini
19%
1986 2 Josimar
17%
1954 2 Pinga
17%
1978 1 Reinaldo
17%
1950 4 Chico
14%
1986 1 Edinho
11%
1954 2 Julinho
11%
1978 2 Nelinho
11%
1974 1 Valdomiro
11%
1950, 1954 3 Baltazar
8%
1930 2 Moderato
8%
1950 1 Maneca
6%
1938 3 Perácio
6%
1966 1 Rildo
6%
1938 3 Romeu
3%
1950 1 Alfredo
0%
No matching quizzes found
Score Distribution
Percent of People with Each Score
Percentile by Number Answered
Your Score History
You have not taken this quiz